| 000 | 02879cam a2200421 i 4500 | ||
|---|---|---|---|
| 001 | 768714001 | ||
| 003 | CO-MdFUSB | ||
| 005 | 20220624092909.0 | ||
| 007 | ta | ||
| 008 | 760626t1977 cau b 001 0 eng | ||
| 020 | _a9780520034754 | ||
| 040 |
_aDLC _beng _cCO-MdFUSB _dMUQ _dBAKER _dNLGGC _dBTCTA _dYDXCP _dOCLCG _dEDX _dOCLCF _dP4I _dBCT _dOCLCA _dCWC _erda |
||
| 041 | 1 |
_aeng _hger |
|
| 082 |
_223 _a121 _bG123 |
||
| 100 | 1 |
_aGadamer, Hans-Georg, _d1900-2002. _eautor |
|
| 245 | 1 | 0 |
_aPhilosophical hermeneutics / _cHans-Georg Gadamer ; traducido y editado por David E. Linge. |
| 264 | 1 |
_aBerkeley : _bUniversity of California Press, _c[1977] |
|
| 264 | 4 | _c© 1977 | |
| 300 |
_alviii, 243 páginas ; _c23 cm. |
||
| 336 |
_atexto _btxt _2rdacontent. |
||
| 337 |
_asin mediación _bn _2rdamedia. |
||
| 338 |
_avolumen _bnc _2rdacarrier. |
||
| 490 | 1 | _aHazard Adams Collection. | |
| 504 | _aIncludes bibliographical references and index. | ||
| 505 | 0 | _aIntroduction / editor. | |
| 505 | 0 |
_tParte uno: _aEl alcance de la reflexión hermenéutica -- La universalidad del problema hermenéutico -- Sobre el alcance y la función de la reflexión hermenéutica -- Sobre el problema de la autocomprensión -- El hombre y el lenguaje -- La naturaleza de las cosas y el lenguaje de cosas -- Semántica y hermenéutica -- Estética y hermenéutica. |
|
| 505 | 0 |
_tParte dos: _aFenomenología, filosofía existencial y hermenéutica filosófica -- Los fundamentos filosóficos del siglo XX -- El movimiento fenomenológico -- La ciencia del mundo de la vida -- Martin Heidegger y la teología de Marburg -- La filosofía posterior de Heidegger -- Heidegger y el lenguaje de metafísica. |
|
| 520 | _a"En los siete primeros ensayos de este volumen, Gadamer, que se inspira principalmente en el pensamiento de Heidegger y Husserl, aborda la cuestión de las condiciones fundamentales de la comprensión examinando fenómenos como el lenguaje, la naturaleza de las ciencias sociales e históricas y la dominio de la ciencia y la tecnología en la cultura contemporánea. Los últimos seis ensayos se concentran en el trasfondo inmediato de la hermenéutica filosófica: la fenomenología y la filosofía existencial. El examen de Gadamer de "El movimiento fenomenológico" pone a disposición por primera vez en inglés una de las mejores introducciones a la filosofía contemporánea. fenomenología Tres de los ensayos ofrecen una interpretación importante del desarrollo de la filosofía de Heidegger por parte de los más distinguidos estudiantes de Heidegger. | ||
| 600 | 1 | 0 |
_aHeidegger, Martin, _d1889-1976. |
| 600 | 1 | 0 |
_aHusserl, Edmund, _d1859-1938. |
| 650 | 7 |
_aHermenéutica _9418 |
|
| 650 | 0 |
_aFenomenología _91061 |
|
| 700 |
_96871 _aLinge, David E. _etraductor |
||
| 830 | 0 | _aHazard Adams Collection. | |
| 942 | _cBK | ||
| 945 | _aJTF-925 | ||
| 999 |
_c67145 _d67145 |
||